00577nam a2200157 a 450000100100000000500170001000800410002702000150006804000250008308200160010810000370012424501140016126000540027530000200032950000700034900001502820200929163935.0100129s1998 dr r 000 0 spa d a8460583287 aDO-SdBNPbspacBNPHU axxxxbG216l1 aGarcía Cuevas, Eugenio,d1979-10aLiteratura y sociedad en los años sesenta :b(diálogo con Andrés L. Mateo ) /cEugenio García Cuevas. aSanto Domingo :bLibrería La Trinitaria,c1998. a45 p. ;c23 cm. aIncluye datos biográficos del autor en la solapa de la cubierta